[Event "KEN-chT"]
[Site "Nairobi"]
[Date "2019.03.24"]
[Round "8.4"]
[White "Muchugu, Christian Nderi"]
[Black "Wangombe, Brian"]
[Result "1/2-1/2"]
[WhiteElo "1384"]
[BlackElo "1427"]
[PlyCount "66"]
[EventDate "2019.02.09"]
[EventType "team-tourn"]
[EventRounds "27"]
[EventCountry "KEN"]
[SourceTitle "CBM 192 Extra"]
[Source "Chessbase"]
[SourceDate "2019.11.06"]
[SourceVersion "1"]
[SourceVersionDate "2019.11.06"]
[SourceQuality "1"]
[WhiteTeam "Kenya Technical Univ"]
[BlackTeam "Nakuru"]
[WhiteTeamCountry "KEN"]
[BlackTeamCountry "KEN"]

1. d4 Nf6 2. Bf4 e6 3. e3 d5 4. Nf3 Bd6 5. Ne5 0-0 6. Nd2 b6 7. Bd3 c5 8. c3 Bb7 9. Qe2 c4 10. Bc2 b5 11. g4 Ne8 12. g5 Nd7 13. Qh5 g6 14. Nxg6 Ndf6 15. gxf6 fxg6 16. Bxg6 Nxf6 17. Qg5 Bxf4 18. Bxh7+ Kxh7 19. exf4 Ng8 20. Qh5+ Nh6 21. Nf3 Qf6 22. Ng5+ Kh8 23. Rg1 Bc6 24. f3 Be8 25. Qh4 Bd7 26. Kf2 b4 27. Rg3 bxc3 28. bxc3 Rab8 29. Re1 Rb2+ 30. Re2 Rxe2+ 31. Kxe2 Rg8 32. Nf7+ Qxf7 33. Qxh6+ Qh7 1/2-1/2

[Event "KEN-chT"]
[Site "Nairobi"]
[Date "2019.03.23"]
[Round "6.4"]
[White "Nguku Namale, Ben"]
[Black "Wangombe, Brian"]
[Result "1-0"]
[WhiteElo "2049"]
[BlackElo "1427"]
[PlyCount "43"]
[EventDate "2019.02.09"]
[EventType "team-tourn"]
[EventRounds "27"]
[EventCountry "KEN"]
[SourceTitle "CBM 192 Extra"]
[Source "Chessbase"]
[SourceDate "2019.11.06"]
[SourceVersion "1"]
[SourceVersionDate "2019.11.06"]
[SourceQuality "1"]
[WhiteTeam "KCB Bank"]
[BlackTeam "Nakuru"]
[WhiteTeamCountry "KEN"]
[BlackTeamCountry "KEN"]

1. d4 Nf6 2. Nf3 e6 3. e3 d5 4. Bd3 c5 5. b3 b6 6. 0-0 Be7 7. Bb2 0-0 8. Ne5 Bb7 9. Nd2 h6 10. f4 cxd4 11. exd4 Nc6 12. a3 Re8 13. Qf3 Ne4 14. Nxe4 Nxd4 15. Qh5 dxe4 16. Qxf7+ Kh8 17. Qg6 Rf8 18. Bxe4 Bxe4 19. Qxe4 Bc5 20. b4 Ne2+ 21. Kh1 Bd4 22. Bxd4 1-0